| 000 | 01055nac a22003850a 4500 | ||
|---|---|---|---|
| 001 | PT35218 | ||
| 003 | AR-LpoUNG | ||
| 005 | 20210201005343.0 | ||
| 008 | 201001s2008||||ag |||||||||||||||||spa d | ||
| 020 |
_a9788496571709 _c$11 |
||
| 040 |
_aAR-LpoUNG _bspa _eaacr |
||
| 041 | _aspa | ||
| 044 | _aag | ||
| 082 | 0 | _a907.2 74v1 | |
| 100 | 1 |
_aBonaudo, Marta _ecoor. |
|
| 245 | 1 | 0 | _aDinámicas sociales, poderes políticos y sistemas jurídicos |
| 250 | _a1ra. ed. | ||
| 260 |
_aBuenos Aires : _bMiño y Dávila, _c2008. |
||
| 300 |
_a334 p. : _btbls. _a(2 _fVolúmenes) _3Impreso |
||
| 490 | 0 | _aLas escalas de la historia comparada | |
| 650 | 4 | _aAMERICA LATINA | |
| 650 | 4 | _aARGENTINA | |
| 650 | 4 | _aASPECTOS JURIDICOS | |
| 650 | 4 | _aCAMBIO SOCIAL | |
| 650 | 4 | _aDERECHOS CIVILES | |
| 650 | 4 | _aHISTORIA | |
| 650 | 4 | _aJUSTICIA SOCIAL | |
| 650 | 4 | _aPODER POLITICO | |
| 650 | 4 | _aPOLITICA SOCIAL | |
| 651 | 4 | _aAmérica Latina | |
| 700 | 1 |
_aReguera, Andrea _ecoor. |
|
| 700 | 1 |
_aZeberio, Blanca _ecoor. |
|
| 905 | _a35218 | ||
| 942 | _cLIB | ||
| 999 |
_c49239 _d49239 |
||